[Event "Antalya op"]
[Site "Antalya"]
[Date "2011.01.16"]
[Round "7"]
[White "Dalgar, Hakki Berat"]
[Black "Ozcan, Altay Eren"]
[Result "1-0"]
[WhiteElo "1591"]
[BlackElo "1379"]
[PlyCount "97"]
[EventDate "2011.01.08"]
[EventType "swiss"]
[EventRounds "9"]
[EventCountry "TUR"]
[SourceTitle "EXT 2012"]
[Source "ChessBase"]
[SourceDate "2011.11.24"]
[SourceVersion "1"]
[SourceVersionDate "2011.11.24"]
[SourceQuality "1"]

1. d4 d5 2. c4 c6 3. Nf3 Nf6 4. Nc3 e6 5. Bg5 Nbd7 6. cxd5 exd5 7. e3 Qa5 8. a3 Ne4 9. Qc2 Bb4 10. Rc1 Bxc3+ 11. bxc3 Qxa3 12. Bd3 0-0 13. 0-0 Re8 14. Rfe1 Nf8 15. Bf4 Ng6 16. Bxe4 Rxe4 17. Ra1 Qe7 18. Nd2 Re6 19. Bg3 Qf6 20. Nb3 Re8 21. Nc5 b6 22. Nb3 Bf5 23. Qb2 Re7 24. Nd2 Rae8 25. Nf3 Be4 26. Nd2 Bf5 27. c4 Bd3 28. Qc3 Bf5 29. c5 b5 30. Bd6 Rd7 31. Ra6 Rc8 32. Rea1 Ne7 33. Rxa7 Rxa7 34. Rxa7 Ng6 35. Nb3 Qg5 36. Na5 Bh3 37. Bg3 Be6 38. Nb7 Qh5 39. f3 Nh4 40. Bxh4 Qxh4 41. Nd6 Rf8 42. Rc7 Qf6 43. Rxc6 Bh3 44. gxh3 Qxf3 45. Qe1 Qxh3 46. Qg3 Qd7 47. Rb6 Qc7 48. Nf5 Qxg3+ 49. hxg3 1-0